Evaluación hidrológica e hidráulica en el rio grande de Matagalpa, en el tramo comprendido entre el puente peatonal de la unan y el barrio Lucia Mantilla, Ciudad de Matagalpa
Estimar los caudales máximos asociados a diferentes periodos de retorno, necesarios para estudios de control de inundaciones, diseños de estructuras hidrotecnias, etc., se pueden emplear varias metodologías siempre y se disponga de registros Hidrotecnico de longitud suficiente.
| Main Authors: | , |
|---|---|
| Other Authors: | |
| Format: | Tesis Section = Libro |
| Language: | Undetermined Spanish |
| Published: |
Managua
UNI
2018
|
| Subjects: |
| LEADER | 01252nam a2200277Ia 4500 | ||
|---|---|---|---|
| 008 | 240830s9999 xx 000 0 und d | ||
| 040 | |a BIBLIOTECA-RUPAP Mon 551.483 C118 | ||
| 041 | |a spa | ||
| 082 | |a Mon 551.483 C118 | ||
| 100 | 1 | |a Cáceres Lindo, María Soledad | |
| 100 | 1 | |b Castillo Orozco, Julio Antonio | |
| 245 | 1 | 0 | |a Evaluación hidrológica e hidráulica en el rio grande de Matagalpa, en el tramo comprendido entre el puente peatonal de la unan y el barrio Lucia Mantilla, Ciudad de Matagalpa |
| 260 | |a Managua |b UNI |c 2018 | ||
| 300 | |a 170 p. :il. | ||
| 500 | |a Contiene: anexos y CD. | ||
| 502 | |a Tesis (Ingeniero Civil)- UNI, 2018. | ||
| 520 | 3 | |a Estimar los caudales máximos asociados a diferentes periodos de retorno, necesarios para estudios de control de inundaciones, diseños de estructuras hidrotecnias, etc., se pueden emplear varias metodologías siempre y se disponga de registros Hidrotecnico de longitud suficiente. | |
| 650 | 7 | |a RIO GRANDE DE MATAGALPA-EVALUACIÓN | |
| 650 | 7 | |b CUENCA-ANALISIS HIDROLOGICO | |
| 650 | 7 | |c PUENTE-ANALISIS HIDROLOGICO | |
| 650 | 7 | |d SOCAVACIÓN | |
| 650 | 7 | |e DRENAJE | |
| 700 | 1 | |a Tutor: |b Fajardo González, Ricardo Javier | |
| 942 | |c BK |2 ddc | ||
| 991 | |a TESIS | ||
| 999 | |c 15663 | ||